|
|
|
|
| LEADER |
00000nab a2200000uu 4500 |
| 001 |
vtls010902859 |
| 003 |
SK-MaSNL |
| 005 |
20260303142338.0 |
| 008 |
230222|2011 xo |||||||||||||||||slo| |
| 015 |
|
|
|a SNBRB
|
| 035 |
|
|
|a (urnnbn)urn:nbn:sk:snk:ar-a07pla
|
| 035 |
|
|
|a (uuid)b677a371-2cbc-4a66-aa78-942853ac6d02
|
| 035 |
|
|
|a urn:nbn:sk:snk-ab8u0x
|
| 040 |
|
|
|a SNKBUCL
|b slo
|c SNKBUCL
|e AACR2
|
| 041 |
0 |
|
|a slo
|
| 044 |
|
|
|a xo
|c SK
|
| 100 |
1 |
|
|a Bieliková, Marcela
|4 aut
|9 11719
|
| 245 |
1 |
0 |
|a AKTIVITY ZÁKLADNÝCH ŠKÔL V OBLASTI ĽUDSKÝCH PRÁV
|c Marcela Bieliková, Mária Slovíková
|
| 700 |
1 |
|
|a Slovíková, Mária
|4 aut
|9 11916
|
| 773 |
0 |
|
|t Prevencia : informačný bulletin zameraný na prevenciu sociálno-patologických javov v rezorte školstva
|g Roč. 10, č. 3 (2011), s. 19-29
|
| 954 |
|
|
|a odborná, vedecká literatúra pôvodná (slovenská)
|2 lita
|
| 958 |
|
|
|a OND
|
| 958 |
|
|
|a EUIPO
|
| 958 |
|
|
|a article10
|
| 999 |
|
|
|c 1982192
|d 1984122
|